| 000 | 00539nam a2200193 a 4500 | ||
|---|---|---|---|
| 005 | 20140310183259.0 | ||
| 008 | 041123s19uu xx 00 eng d | ||
| 020 | _a0749707232 | ||
| 050 |
_aPQ 2637.A274 _b.D278 2001 |
||
| 100 | _aDe Saint-Exupery, Antoine | ||
| 245 |
_aThe little prince/. _cAntoine De Saint-Exupery |
||
| 260 |
_aGreat Britain ; _bMammoth, _c2001. |
||
| 300 |
_a97 p. : _c18 cm. |
||
| 650 | _aJuvenile literature. | ||
| 650 |
_aPilot _xFiction. |
||
| 650 |
_aPrince _xFiction. |
||
| 942 |
_cBK _2lcc |
||
| 999 |
_c20912 _d20912 |
||